01156nam a2200193Ia 4500001001000000003001000010008004100020040002500061041001300086100001800099245006300117250001100180260006800191300002800259500026600287501011400553520026600667650002900933L232-6487IT-CnALBA170116s9999||||xx |||||||||||||| ||und|| aIT-CnALBAcIT-CnALBA aITALIANO aD'AMICO LUIGI 0aVITA DI NOSTRO SIGNORE GESÙ CRISTO, CON MASSIME ETERNE.  a1a ed. aMILANO. BA. BOLOGNAbSALESIANA. SC. TIP. c1918 [1° Ed.: n.d.] a152 p. (prefazione: 16) aMASSIME ETERNE (1922). PERLE DI GRAN PREGIO ESTRATTE DAL LIBRO FEDE E PIETÀ DI LUIGI D'AMICO. VITA DI GESÙ CRISTO. IL PRECURSORE. INFANZIA DI GESÙ. VITA PUBBLICA. BATTESIMO. TENTAZIONI. AGNELLO DI DIO. CHIAMATA DEI PRIMI DISCEPOLI. NOZZE DI CANA. NICODEMO aSocietà San Paolo EM - Piazza San Paolo, 14 - 12051 ALBA (CN) (non commercial uses only) ® Copyright 2017 aMASSIME ETERNE (1922). PERLE DI GRAN PREGIO ESTRATTE DAL LIBRO FEDE E PIETÀ DI LUIGI D'AMICO. VITA DI GESÙ CRISTO. IL PRECURSORE. INFANZIA DI GESÙ. VITA PUBBLICA. BATTESIMO. TENTAZIONI. AGNELLO DI DIO. CHIAMATA DEI PRIMI DISCEPOLI. NOZZE DI CANA. NICODEMO aVITA E MISTERO DI CRISTO